000 00566nam a2200229Ia 4500
003 OSt
005 20220924134921.0
006 a|||||r|||| 00| 0
007 ta
008 220923b |||||||| |||| 00| 0 ben d
024 _a287752
037 _cTextual
040 _aARTS
_cARTS
_bben
041 _2ben
_aben
082 _aDelta2y7M36, 157P2
100 _aAbhedanand
_9209476
245 0 _aYog shiksha
260 _c2002
650 _aSPIRurdALISM
942 _hDelta2y7M36, 157P2
_cTEXL
_2CC
999 _c439024
_d439024